|
|
|
|
| LEADER |
00000nas a2200000 i 4500 |
| 001 |
ssj0001072224 |
| 003 |
WaSeSS |
| 005 |
20200512172242.0 |
| 006 |
m d |
| 007 |
cr n |
| 008 |
131223u20uuuuuuenka| p|s|||||| |0eng d |
| 035 |
|
|
|a (WaSeSS)ssj0001072224
|
| 040 |
|
|
|a WaSeSS
|b eng
|c WaSeSS
|d WaSeSS
|
| 050 |
1 |
4 |
|a LB1029.G3
|
| 245 |
0 |
0 |
|a European conference on games based learning
|h [electronic resource].
|
| 260 |
|
|
|a Kidmore End, England :
|b Academic Conferences International
|
| 310 |
|
|
|a Annual
|
| 506 |
|
|
|a License restrictions may limit access.
|
| 588 |
|
|
|a Description based on: October 2010; title from title screen (ProQuest, viewed Dec. 11, 2013).
|
| 588 |
|
|
|a Latest issue consulted: October 2012 (viewed Dec. 11, 2013).
|
| 650 |
|
0 |
|a Educational games
|x Congresses
|v Periodicals.
|
| 655 |
|
0 |
|a Electronic journals.
|
| 856 |
4 |
0 |
|z Full text available from Research Library: 10/01/2010 to present
|u https://search.proquest.com/publication/396495
|